Murdoch's world : (Record no. 74127)

MARC details
000 -LEADER
campo de control de longitud fija 02612cam a2200397 i 4500
001 - NÚMERO DE CONTROL
campo de control 116748
005 - FECHA Y HORA DE LA ÚLTIMA TRANSACCIÓN
campo de control 20230410130418.0
008 - DATOS DE LONGITUD FIJA--INFORMACIÓN GENERAL
campo de control de longitud fija 130429s2013 nyu b 001 0beng
035 ## - NÚMERO DE CONTROL DEL SISTEMA
Número de control de sistema 17717086
010 ## - NÚMERO DE CONTROL DE LA BIBLIOTECA DEL CONGRESO
Número de control de LC 2013014186
020 ## - NÚMERO INTERNACIONAL ESTÁNDAR DEL LIBRO
Número Internacional Estándar del Libro 9781610390897 (hardback)
020 ## - NÚMERO INTERNACIONAL ESTÁNDAR DEL LIBRO
ISBN cancelado o inválido 9781610390903 (electronic)
040 ## - FUENTE DE CATALOGACIÓN
Centro catalogador/agencia de origen DLC
Lengua de catalogación eng
Centro/agencia transcriptor DLC
Normas de descripción rda
042 ## - CÓDIGO DE AUTENTICACIÓN
Código de autenticación pcc
050 14 - SIGNATURA TOPOGRÁFICA DE LA BIBLIOTECA DEL CONGRESO
Número de clasificación P92.5.M87
Número de ítem F65 2013
082 00 - NÚMERO DE LA CLASIFICACIÓN DECIMAL DEWEY
Número de clasificación 070/.92
-- B
Número de edición 23
084 ## - OTRO NÚMERO DE CLASIFICACIÓN
Número de clasificación BUS070060
-- BIO025000
-- LAN008000
Fuente del número bisacsh
100 1# - ENTRADA PRINCIPAL--NOMBRE DE PERSONA
Nombre de persona Folkenflik, David.
245 10 - MENCIÓN DEL TÍTULO
Título Murdoch's world :
Resto del título the last of the old media empires /
Mención de responsabilidad, etc. David Folkenflik.
246 30 - FORMA VARIANTE DEL TITULO
Título propio/Titulo breve Last of the old media empires
250 ## - MENCION DE EDICION
Mención de edición First Edition.
264 #1 - PRODUCCIÓN, PUBLICACIÓN, DISTRIBUCIÓN, FABRICACIÓN Y COPYRIGHT
Producción, publicación, distribución, fabricación y copyright New York :
Nombre del de productor, editor, distribuidor, fabricante PublicAffairs,
Fecha de producción, publicación, distribución, fabricación o copyright [2013]
300 ## - DESCRIPCIÓN FÍSICA
Extensión viii, 373 pages ;
Dimensiones 25 cm
336 ## - TIPO DE CONTENIDO
Término de tipo de contenido text
Fuente rdacontent
337 ## - TIPO DE MEDIO
Nombre/término del tipo de medio unmediated
Fuente rdamedia
338 ## - TIPO DE SOPORTE
Nombre/término del tipo de soporte volume
Fuente rdacarrier
504 ## - NOTA DE BIBLIOGRAFÍA, ETC.
Nota de bibliografía, etc. Includes bibliographical references (pages 305-356) and index.
520 ## - RESUMEN, ETC.
Sumario, etc. "NPR's media correspondent delves into the most influential media company in the world, News Corporation, showing how Murdoch survived the corruption scandal that nearly tore it apart In July 2012, testifying before a British parliamentary inquiry about the News of the World telephone hacking scandal, Rupert Murdoch experienced what he called "the most humble day of my life." Murdoch seemed certain to lose control of the monolithic news company he had built from a single Australian daily. The drama was all the more remarkable because of his unrivaled political and cultural influence worldwide, through Britain's take-no-prisoners tabloids, the top-rated Fox News Channel, the New York Post, and the Wall Street Journal. Within months, Murdoch, bloodied but not bowed, reasserted his hold by splitting News Corp into two companies. The summer's stories of the jockeying among Murdoch's children and corporate lieutenants to succeed him were silenced; what promised to be the second half of King Lear never unfolded. News Corp marched on, its king aging but firmly on the throne. In Murdoch's World, David Folkenflik tells the story of how News Corp survived this tumultuous chapter, and of the man who makes the news, literally: Rupert Murdoch"--
Fuente proveedora Provided by publisher.
600 10 - PUNTO DE ACCESO ADICIONAL DE MATERIA--NOMBRE DE PERSONA
Nombre de persona Murdoch, Rupert,
Fechas asociadas al nombre 1931-
650 #0 - PUNTO DE ACCESO ADICIONAL DE MATERIA--TÉRMINO DE MATERIA
Término de materia o nombre geográfico como elemento de entrada Mass media
Subdivisión geográfica Australia
Subdivisión de forma Biography.
650 #7 - PUNTO DE ACCESO ADICIONAL DE MATERIA--TÉRMINO DE MATERIA
Término de materia o nombre geográfico como elemento de entrada BIOGRAPHY & AUTOBIOGRAPHY / Editors, Journalists, Publishers.
Fuente del encabezamiento o término bisacsh
650 #7 - PUNTO DE ACCESO ADICIONAL DE MATERIA--TÉRMINO DE MATERIA
Término de materia o nombre geográfico como elemento de entrada LANGUAGE ARTS & DISCIPLINES / Journalism.
Fuente del encabezamiento o término bisacsh
925 0# -
-- acquire
-- 2 shelf copies
-- policy default, Sel/rjc, 2014-04-30
942 ## - ELEMENTOS DE ENTRADA SECUNDARIOS (KOHA)
Fuente del sistema de clasificación o colocación Clasificación de Library of Congress
Tipo de ítem Koha
946 ## - PROCESAMIENTO DE INFORMACIÓN LOCAL (OCLC)
a JaaM
Holdings
Estatus retirado Estado de pérdida Fuente del sistema de clasificación o colocación Estado de daño No para préstamo Colección Biblioteca de origen Biblioteca actual Ubicación en estantería Fecha de adquisición Serial enumeration / chronology Signatura topográfica completa Código de barras Visto por última vez Tipo de ítem Koha
    Clasificación de Library of Congress     Humanidades Biblioteca Juan Bosch Biblioteca Juan Bosch Humanidades (4to. Piso) 10/04/2023 4 P92.5.M87 F65 2013 00000109362 25/10/2018